| 000 | 00919 a2200253 4500 | ||
|---|---|---|---|
| 999 |
_c4625 _d4625 |
||
| 020 | _a9780821367513 (pbk.) | ||
| 020 | _a082136751X (pbk.) | ||
| 020 | _a9780821367520 (ebook) | ||
| 020 | _a0821367528 (ebook) | ||
| 050 | 0 | 0 | _aLC 1085.H683 2007 |
| 245 | 0 | 0 |
_aHow universities can promote economic growth / _ceditors Shahid Yusuf, Kaoru Nabeshima. |
| 264 |
_aNew York: _bThe World Bank, _c2007 |
||
| 300 |
_axxiv, 286 p. : _bill. : |
||
| 500 | _aIncludes bibliographical references and index. | ||
| 504 | _aIncludes bibliographical references and index. | ||
| 650 | 0 | _aBusiness and education | |
| 650 | 0 |
_aEconomic development _xEffect of education on |
|
| 650 | 0 | _aTechnology transfer | |
| 650 | 0 | _aEducation and state | |
| 700 | 1 |
_aYusuf, Shahid, _d1949- _eEditor |
|
| 700 | 1 |
_aNabeshima, Kaoru. _eEditor |
|
| 942 |
_2lcc _cBK _h1085.H683 _iHOW _kLC |
||